Creative drama in the classroom and beyond

সংরক্ষণ করুন:
গ্রন্থ-পঞ্জীর বিবরন
প্রধান লেখক: McCaslin, Nellie
বিন্যাস: গ্রন্থ
ভাষা:Undetermined
প্রকাশিত: Boston Pearson 2006
বিষয়গুলি:
ট্যাগগুলো: ট্যাগ যুক্ত করুন
কোনো ট্যাগ নেই, প্রথমজন হিসাবে ট্যাগ করুন!
Thư viện lưu trữ: Trung tâm Học liệu Trường Đại học Cần Thơ
LEADER 00505nam a2200193Ia 4500
001 CTU_117420
008 210402s9999 xx 000 0 und d
020 |c 65.18 
082 |a 371.399 
082 |b M397 
100 |a McCaslin, Nellie 
245 0 |a Creative drama in the classroom and beyond 
245 0 |c Nellie McCaslin 
260 |a Boston 
260 |b Pearson 
260 |c 2006 
650 |a Drama in education 
904 |i Tuyến 
980 |a Trung tâm Học liệu Trường Đại học Cần Thơ